书目信息 |
| 题名: |
应用微积分
|
|
| 作者: | 曹显兵 主编 | |
| 分册: | ||
| 出版信息: | 北京 机械工业出版社 2022 |
|
| 页数: | 378页 | |
| 开本: | 26cm | |
| 丛书名: | 名校名家基础学科系列 | |
| 单 册: | ||
| 中图分类: | O172 | |
| 科图分类: | ||
| 主题词: | 微积分--wei ji fen--教材 | |
| 电子资源: | ||
| ISBN: | 978-7-111-69288-1 | |
| 000 | 01186oam2 2200313 450 | |
| 001 | 011025150525 | |
| 005 | 20221025150525.0 | |
| 010 | @a978-7-111-69288-1@dCNY69.90 | |
| 099 | @aCAL 012022022029 | |
| 100 | @a20201004d2022 em y0chiy0120 ea | |
| 101 | 0 | @achi |
| 102 | @aCN@b110000 | |
| 105 | @aa a 000yy | |
| 106 | @ar | |
| 200 | 1 | @a应用微积分@Aying yong wei ji fen@f主编曹显兵 |
| 210 | @a北京@c机械工业出版社@d2022 | |
| 215 | @a378页@c图@d26cm | |
| 225 | 2 | @a名校名家基础学科系列@Aming jiao ming jia ji chu xue ke xi lie |
| 300 | @a“十三五”国家重点出版物出版规划项目融媒体新形态教材 | |
| 312 | @a英文题名取自封面 | |
| 320 | @a有书目 | |
| 330 | @a本书根据作者主讲该课程多年来的教学实践与经验,并参照教育部对该课程的教学基本要求以及全国硕士研究生入学统一数学考试要求而编写。全书共分九章,内容包括:函数,极限与连续,导数与微分,微分中值定理及导数的应用,不定积分,定积分,无穷级数,多元函数的微分与积分,微分方程。 | |
| 410 | 0 | @12001 @a名校名家基础学科系列 |
| 510 | 1 | @aCalculus@zeng |
| 606 | 0 | @a微积分@Awei ji fen@j教材 |
| 690 | @aO172@v5 | |
| 701 | 0 | @a曹显兵@Acao xian bing@4主编 |
| 801 | 0 | @aCN@c20221025 |
| 905 | @a河南城建学院图书馆@dO172@eC150 | |
| 应用微积分/主编曹显兵.-北京:机械工业出版社,2022 |
| 378页:图;26cm.-(名校名家基础学科系列) |
| “十三五”国家重点出版物出版规划项目融媒体新形态教材 |
| ISBN 978-7-111-69288-1:CNY69.90 |
| 本书根据作者主讲该课程多年来的教学实践与经验,并参照教育部对该课程的教学基本要求以及全国硕士研究生入学统一数学考试要求而编写。全书共分九章,内容包括:函数,极限与连续,导数与微分,微分中值定理及导数的应用,不定积分,定积分,无穷级数,多元函数的微分与积分,微分方程。 |
| ● |
| 相关链接 |
|
|
|
正题名:应用微积分
索取号:O172/C150
 
预约/预借
| 序号 | 登录号 | 条形码 | 馆藏地/架位号 | 状态 | 备注 |
| 1 | 1584400 | 215844004 | 自科库401/401自科库 43排7列4层/ [索取号:O172/C150] | 在馆 | |
| 2 | 1584401 | 215844013 | 自科库401/401自科库 43排7列4层/ [索取号:O172/C150] | 在馆 |